200 écrivains francophones - Statistiques

Statistiques générales
  • Ce quiz a été pris 69 fois
  • Le résultat moyen est 35 sur 200
Statistiques - réponses
Réponse % Correct
Hugo
88%
Molière
83%
Zola
78%
Voltaire
76%
Dumas
66%
Camus
63%
Jean-Baptiste Rousseau
61%
Rousseau
61%
Baudelaire
59%
Diderot
59%
Jean de La Fontaine
59%
Maupassant
59%
Pierre Corneille
56%
Racine
56%
Thomas Corneille
56%
Verlaine
56%
Balzac
54%
Montesquieu
51%
Rimbaud
51%
Sartre
51%
Céline
49%
Flaubert
49%
George Sand
46%
Rabelais
46%
Apollinaire
44%
Chateaubriand
44%
de Beauvoir
44%
Jules Verne
44%
Marc Lévy
44%
Stendhal
44%
Césaire
41%
Duras
41%
Proust
41%
Saint-Exupéry
41%
Beaumarchais
39%
Madame de La Fayette
39%
Prévert
37%
Yourcenar
37%
Colette
34%
Lamartine
34%
Marcel Pagnol
34%
Annie Ernaux
32%
Musset
32%
Ronsard
32%
Aragon
29%
Françoise Sagan
29%
Jean Giono
29%
Montaigne
29%
Ionesco
27%
Malraux
27%
Théophile Gautier
27%
Comtesse de Ségur
24%
Mallarmé
24%
Pascal
24%
Perrault
24%
Anatole France
22%
André Breton
22%
Du Bellay
22%
Eluard
22%
François Mauriac
22%
Gide
22%
Laclos
22%
Romain Gary
22%
Sade
22%
Boris Vian
20%
Jean Anouilh
20%
Le Clézio
20%
Marie de France
20%
Marivaux
20%
Michel Houellebecq
20%
Nathalie Sarraute
20%
Olympe de Gouges
20%
Senghor
20%
Alphonse Daudet
17%
Bernardin de Saint-Pierre
17%
Paul Claudel
17%
Perec
17%
Raymond Queneau
17%
Romain Rolland
17%
Alfred Jarry
15%
Chrétien de Troyes
15%
Edmond Rostand
15%
Jean Cocteau
15%
Jean Genet
15%
La Boétie
15%
Madame de Staël
15%
Nerval
15%
Emile Ajar
12%
François Villon
12%
Jean d'Ormesson
12%
Lautréamont
12%
Madame de Sévigné
12%
Patrick Modiano
12%
Prosper Mérimée
12%
Saint-Simon
12%
Valéry
12%
Albert Cohen
10%
Barbey d'Aurevilly
10%
Beckett
10%
Boileau
10%
Claude Simon
10%
Edmond de Goncourt
10%
Jules de Goncourt
10%
La Bruyère
10%
Michel Tournier
10%
René Char
10%
Robbe-Grillet
10%
Agrippa d'Aubigné
7%
Clément Marot
7%
Delphine De Vigan
7%
Dumas fils
7%
Emmanuel Carrère
7%
Fénelon
7%
Georges Bernanos
7%
Hervé Bazin
7%
Julien Gracq
7%
L'Abbé Prévost
7%
Maurice Druon
7%
Michel Butor
7%
Michelet
7%
Milan Kundera
7%
Théophile de Viau
7%
Yasmina Reza
7%
Bossuet
5%
Cyrano de Bergerac
5%
Daniel Pennac
5%
Eugène Sue
5%
François de Malherbe
5%
Joseph Kessel
5%
La Rochefoucauld
5%
Mercier
5%
Mirabeau
5%
Paul Morand
5%
Saint-John Perse
5%
Vercors
5%
Verhaeren
5%
David Foekinos
2%
Eugène Labiche
2%
Félix Féneon
2%
Feydeau
2%
George Bataille
2%
George de Scudéry
2%
Henri Barbusse
2%
Henry Bataille
2%
Jacques Roubaud
2%
Léon Bloy
2%
Louise Labé
2%
Madeleine de Scudéry
2%
Maurice Genevoix
2%
Phillipe Besson
2%
Robert Merle
2%
Rutebeuf
2%
Scarron
2%
Sylvain Tesson
2%
Aloysius Bertrand
0%
Benjamin Constant
0%
Béranger
0%
Bussy-Rabutin
0%
Calixthe Beyala
0%
Chamfort
0%
Charlotte Delbo
0%
Chassignet
0%
Elsa Triolet
0%
Ernest Renan
0%
Fanon
0%
François Maynard
0%
Green
0%
Honoré d'Urfé
0%
Jacques Amyot
0%
Jean Giroudoux
0%
Jean Molinet
0%
Jean Paulhan
0%
Joubert
0%
Louis Ménard
0%
Maeterlinck
0%
Marie de Gournay
0%
Max Jacob
0%
Michaux
0%
Michel Leiris
0%
Octave Mirbeau
0%
Paul Acker
0%
Péguy
0%
Phillipe Sollers
0%
Pierre Michon
0%
Pierre Nicole
0%
Pierre Reverdy
0%
Ponge
0%
Pontus de Tryard
0%
Radiguet
0%
Roland Dorgelès
0%
Saint-Amant
0%
Sainte-Beuve
0%
Saint-Pol-Roux
0%
Soupault
0%
Tristan L'Hermite
0%
Tristan Tzara
0%
Vicomte d'Arlincourt
0%
Victorien Sardou
0%
Wace
0%
Wajdi Mouawad
0%
Aucun quiz correspondant
Distribution des résultats
% des personnes avec chaque résultat
Percentile par nombre de réponses
Votre historique - résultats
Vous n’avez pas pris ce quiz